| 000 | 00628nam a2200229Ia 4500 | ||
|---|---|---|---|
| 003 | OSt | ||
| 005 | 20220928104411.0 | ||
| 006 | a|||||r|||| 00| 0 | ||
| 007 | ta | ||
| 008 | 220927b |||||||| |||| 00| 0 eng d | ||
| 024 | _a108345 | ||
| 037 | _cTextual | ||
| 040 |
_aSDCL _cSDCL _beng |
||
| 041 |
_2eng _aeng |
||
| 082 | _aO-,1M22:g, J5 | ||
| 100 |
_aEells John Shepard _9410274 |
||
| 245 | 0 | _aTouchstones of Matthew Arnold. | |
| 260 |
_aNew Haven And London _b Yale University Press. _c1955 |
||
| 300 |
_a280p. _ccm. |
||
| 942 |
_hO-,1M22:g, J5 _cTEXL _2CC |
||
| 999 |
_c725886 _d725886 |
||